| 000 | 00921cam a22002893a 4500 | ||
|---|---|---|---|
| 001 | 1606 | ||
| 003 | PGUSA | ||
| 005 | 20140828083003.0 | ||
| 008 | 060222s2006||||xxu|||||s|||||000 1 eng d | ||
| 040 |
_aPGUSA _beng |
||
| 042 | _adc | ||
| 050 | 4 | _aPR | |
| 100 | 1 |
_aScott, Walter, _d1771-1832 |
|
| 245 | 1 | 0 |
_aKenilworth _h[electronic resource] / _cWalter Scott |
| 260 |
_bProject Gutenberg, _c2006 |
||
| 500 | _aWaverley novel | ||
| 506 | _aPublic domain in the USA. | ||
| 516 | _aElectronic text | ||
| 653 | _aDudley, Amy Robsart, Lady, 1532?-1560 -- Fiction | ||
| 653 | _aKenilworth Castle (Kenilworth, England) -- Fiction | ||
| 653 | _aGreat Britain -- History -- Elizabeth, 1558-1603 -- Fiction | ||
| 653 | _aHistorical fiction | ||
| 653 | _aLeicester, Robert Dudley, Earl of, 1532?-1588 -- Fiction | ||
| 830 | 0 |
_aProject Gutenberg _v1606 |
|
| 856 | 4 | 0 | _uhttp://www.gutenberg.org/ebooks/1606 |
| 942 | _cEB | ||
| 999 |
_c230954 _d230954 |
||